000 00357pab a2200133 454500
008 180718b xxu||||| |||| 00| 0 eng d
100 _aPereira, Maxwell
245 _aRoll of traffic management in fuel conservation
650 _a Traffic Management
650 _a Conservation
650 _aFuel
773 _aPolice Research and Development
909 _a23030
999 _c23030
_d23030